| 000 | 00624nam a2200217 u 4500 | ||
|---|---|---|---|
| 005 | 20240803063810.0 | ||
| 008 | 120614s2010 es r 000 0 spa d | ||
| 020 | _a9788466792486 | ||
| 035 | _aUPN01000185087 | ||
| 049 | _aCG | ||
| 050 | 4 |
_aPQ6716 R2.7 _bN3.9 |
|
| 100 | 1 |
_aPrats i Pijoan, Joan de Déu, _d1962- _931547 |
|
| 245 | 1 | 0 |
_aNáufrago / _cJoan de Déu Prats ; tr. Sara López Martínez. |
| 260 |
_aMadrid : _bAnaya, _c2010. |
||
| 300 | _a189 p. | ||
| 440 | 0 |
_aEspacio abierto ; _v143 |
|
| 534 |
_pTítulo original: _tNáufrag |
||
| 650 | 4 |
_aNovela española _910814 |
|
| 905 | _aLibro | ||
| 999 |
_c157190 _d157190 |
||